000 00521cam a2200145 4500500
005 20260412000932.0
041 _afre
042 _adc
100 1 0 _aDiethelm, Marie-Bénédicte
_eauthor
245 0 0 _aUn aspect de l'imaginaire balzacien dans les Œuvres de jeunesse : la sŒur-amante
260 _c2001.
500 _a64
786 0 _nL'Année balzacienne | 2 | 1 | 2001-03-01 | p. 221-246 | 0084-6473
856 4 1 _uhttps://shs.cairn.info/revue-l-annee-balzacienne-2001-1-page-221?lang=fr&redirect-ssocas=7080
999 _c2211143
_d2211143